Исследование динамики и возможности увеличения долговечности клапанов гидростоек механизированных крепей: Диссертация на соискание ученой степени кандидата технических наук

التفاصيل البيبلوغرافية
المؤلف الرئيسي: Гринис Л. Н.
مؤلف مشترك: Томский политехнический институт
مؤلفون آخرون: Горбунов В. Ф. (научный руководитель), Франк Э. Г.
اللغة:الروسية
منشور في: Томск, 1974
الموضوعات:
التنسيق: MixedMaterials كتاب
KOHA link:https://koha.lib.tpu.ru/cgi-bin/koha/opac-detail.pl?biblionumber=126556

MARC

LEADER 00000nbm0a2200000 4500
001 126556
005 20231031131917.0
035 |a (RuTPU)RU\TPU\book\136908 
090 |a 126556 
100 |a 20071129d1974 k y0rusy50 ca 
101 0 |a rus 
102 |a RU 
105 |a a m 001zy 
200 1 |a Исследование динамики и возможности увеличения долговечности клапанов гидростоек механизированных крепей  |e Диссертация на соискание ученой степени кандидата технических наук  |f Л. Н. Гринис  |g Томский политехнический институт; науч. рук. В. Ф. Горбунов, Э. Г. Франк 
210 |a Томск  |d 1974 
215 |a 180 л.  |c ил. 
320 |a Библиогр.: с. 170-178 (114 назв.) 
610 1 |a механизированные крепи 
610 1 |a клапаны 
610 1 |a конструирование 
610 1 |a исследование 
610 1 |a методика 
610 1 |a динамические процессы 
610 1 |a технико-экономическая эффективность 
610 1 |a внедрение 
610 1 |a диссертации 
675 |a 622.28(048)  |v 3 
700 1 |a Гринис  |b Л. Н. 
702 1 |a Горбунов  |b В. Ф.  |4 727 
702 1 |a Франк  |b Э. Г.  |4 727 
712 0 2 |a Томский политехнический институт  |z 1944-1991  |2 stltpush  |3 (RuTPU)RU\TPU\col\1123 
801 1 |a RU  |b 63413507  |c 20071129  |g PSBO 
801 2 |a RU  |b 63413507  |c 20071129  |g PSBO 
942 |c BK